Filosofía de la existencia: Kierkegaard, Heidegger, Jaspers, Sartre: diálogo de las posiciones
Uloženo v:
| Hlavní autor: | |
|---|---|
| Médium: | Kniha |
| Jazyk: | španělština |
| Vydáno: |
Madrid
BAC
1974
|
| Edice: | Biblioteca de Autores Cristianos
|
| Témata: | |
| Tagy: |
Přidat tag
Žádné tagy, Buďte první, kdo vytvoří štítek k tomuto záznamu!
|
MARC
| LEADER | 00000nam a2200000 a 4500 | ||
|---|---|---|---|
| 001 | UCZ2137 | ||
| 003 | CL-VaPUC | ||
| 005 | 20220825074440.0 | ||
| 008 | 950926e19740000SP |||||||||||||||||spa|d | ||
| 999 | |c 238784 |d 238782 | ||
| 040 | |c Pontificia Universidad Católica de Valparaíso | ||
| 082 | 0 | 4 | |a 142.7 |b GAB |2 21 |
| 100 | 0 | |a Gabriel, Leo |e author |9 345950 | |
| 245 | 1 | 0 | |a Filosofía de la existencia: Kierkegaard, Heidegger, Jaspers, Sartre: diálogo de las posiciones |
| 260 | |a Madrid |b BAC |c 1974 | ||
| 300 | |a 352 p | ||
| 490 | 0 | |a Biblioteca de Autores Cristianos | |
| 583 | |a last modification |c 19950926 00:00:00 |k Rodrigo Vera | ||
| 600 | 0 | 7 | |a SARTRE, JEAN-PAUL |2 CL-VaPUC |9 269377 |
| 600 | 0 | 7 | |a Husserl, Edmund |d 1859-1938 |9 575718 |
| 600 | 0 | 7 | |a Jaspers, Karl |d 1883-1969 |9 858275 |
| 650 | 0 | |a Filosofía |9 223554 | |
| 650 | 0 | |a Existencialismo |9 265698 | |
| 650 | 7 | |a HOMBRE |2 CL-VaPUC |9 262149 | |
| 650 | 0 | |a Naturaleza humana |9 308593 | |
| 650 | 0 | |a Metafísica |9 265649 | |
| 852 | |a BIBCUR | ||
| 942 | |c BK |2 ddc | ||
| 945 | |d 19950926 00:00:00 |a cmena | ||
| 952 | |0 0 |1 0 |4 0 |6 142_700000000000000_GAB_1974 |7 0 |8 P |9 249279 |a BIBEDU |b BIBEDU |c BIBEDU_PB |d 2019-11-18 |i 156482K |l 1 |o 142.7 GAB 1974 |p 156482K |r 2024-05-02 |s 2024-04-26 |w 2019-11-18 |y BK |k FIL | ||